| 000 | 01181cam a22003135a 4500 | ||
|---|---|---|---|
| 001 | 15343354 | ||
| 005 | 20081229102829.0 | ||
| 008 | 080625s2008 enka b 001 0 eng | ||
| 010 | _a 2008931892 | ||
| 015 |
_aGBA854870 _2bnb |
||
| 016 | 7 |
_a014584444 _2Uk |
|
| 020 | _a9781848002609 (hbk.) | ||
| 020 | _a9781848002616 (ebook) | ||
| 035 | _a(OCoLC)ocn222163149 | ||
| 040 |
_aUKM _cUKM _dBTCTA _dYDXCP _dOHX _dBAKER _dBWX _dCDX _dBWKUK _dIXA _dBWK _dDLC |
||
| 042 |
_aukblcatcopy _alccopycat |
||
| 082 | 0 | 4 |
_a006.3 _222 _bROB |
| 245 | 0 | 0 |
_aRobust intelligent systems / _cAlfons Schuster, editor. |
| 260 |
_aLondon : _bSpringer, _cc2008. |
||
| 300 |
_axi, 299 p. : _bill. ; _c25 cm. |
||
| 504 | _aIncludes bibliographical references and index. | ||
| 650 | 0 |
_aArtificial intelligence. _93302 |
|
| 650 | 0 |
_aRobust control. _93303 |
|
| 700 | 1 |
_aSchuster, Alfons. _93304 |
|
| 942 |
_2ddc _cBB |
||
| 999 |
_c11216 _d11216 |
||